LEADER 01373nam a2200361 i 4500 001 991001050329707536 005 20020507182310.0 008 981123s1973 de ||| | eng 020 $a3540061045 035 $ab10794025-39ule_inst 035 $aLE01306260$9ExL 040 $aDip.to Matematica$beng 082 0 $a512.24 084 $aAMS 17-02 084 $aAMS 17C99 084 $aAMS 20G05 100 1 $aSpringer, Tonny Albert$0477042 245 10$aJordan algebras and algebraic groups /$cT. A. Springer 260 $aBerlin ; New York :$bSpringer-Verlag,$c1973 300 $avi, 168 p. ;$c24 cm. 490 1 $aErgebnisse der Mathematik und ihrer Grenzgebiete. 2. Folge,$x0071-1136 ;$v75 =$aA series of modern surveys in mathematics,$x0071-1136 ;$v75 500 $aBibliography: p. [167]-168 650 0$aJordan algebras 650 0$aLinear algebraic groups 650 0$aNonassociative algebras 650 0$aNonassociative rings 830 0$aErgebnisse der Mathematik und ihrer Grenzgebiete.$n2. Folge ;$v75 907 $a.b10794025$b20-11-06$c28-06-02 912 $a991001050329707536 945 $aLE013 17-XX SPR11 (1973)$g1$i2013000104164$lle013$o-$pE0.00$q-$rl$s- $t0$u1$v0$w1$x0$y.i10895255$z28-06-02 996 $aJordan algebras and algebraic groups$9921455 997 $aUNISALENTO 998 $ale013$b01-01-98$cm$da $e-$feng$gde $h0$i1 LEADER 03900nam 22007575 450 001 996234839403316 005 20240410033848.0 010 $a3-11-041033-8 010 $a3-11-041041-9 024 7 $a10.1515/9783110410334 035 $a(CKB)4160000000000120 035 $a(EBL)2077567 035 $a(SSID)ssj0001516603 035 $a(PQKBManifestationID)11884180 035 $a(PQKBTitleCode)TC0001516603 035 $a(PQKBWorkID)11494419 035 $a(PQKB)10185958 035 $a(MiAaPQ)EBC2077567 035 $a(DE-B1597)445502 035 $a(OCoLC)951146175 035 $a(DE-B1597)9783110410334 035 $a(PPN)188000275 035 $a(EXLCZ)994160000000000120 100 $a20200723h20152015 fg 101 0 $ager 135 $aur|n|---||||| 181 $ctxt 182 $cc 183 $acr 200 10$aAeneis /$fVergil; Niklas Holzberg 205 $a1st ed. 210 1$aBerlin ;$aBoston : $cDe Gruyter (A), $d[2015] 210 4$d©2015 215 $a1 online resource (766 p.) 225 0 $aSammlung Tusculum 300 $aDescription based upon print version of record. 311 $a3-11-040879-1 320 $aIncludes bibliographical references. 327 $tFrontmatter -- $tInhalt -- $tEinführung -- $tLIBER I -- $tLIBER II -- $tLIBER III -- $tLIBER IV -- $tLIBER V -- $tLIBER VI -- $tLIBER VII -- $tLIBER VIII -- $tLIBER IX -- $tLIBER X -- $tLIBER XI -- $tLIBER XII -- $tZum lateinischen Text dieser Ausgabe -- $tERLÄUTERUNGEN -- $tAeneas und Augustus -- $tBIBLIOGRAPHIE 330 $aDie Aeneis Vergils (70?19 v. Chr.), ein Epos in 12 Büchern, gehört zu den bedeutendsten Dichtungen der Weltliteratur. Sie erzählt die Geschichte des Trojaners Aeneas, der nach der Zerstörung seiner Stadt durch die Griechen auf Weisung der Götter in die Gegend des heutigen Rom übersiedelt und dort die Voraussetzungen für die Gründung der Stadt schafft. Er gelangt erst nach einer längeren Irrfahrt an sein Ziel und muss dann in einem Krieg gegen die im Lande wohnenden Latiner seinen Herrschaftsanspruch behaupten. In der Person des Aeneas ist diejenige des Kaisers Augustus präfiguriert. Bis in neuere Zeit wurde die Aeneis metrisch, also in deutsche Hexameter übertragen. Da man sich dabei aber der klassizistischen Sprache früherer Zeiten bediente, wurde die Übersetzung für ein modernes Publikum stellenweise nahezu unverständlich. Die vorliegende Übersetzung ist ebenfalls metrisch, steht aber sprachlich nicht mehr in klassizistischer Tradition, sondern gibt den lateinischen Text im Deutsch der Gegenwart wieder, sodass ein Eindruck von der poetischen Gestalt des Originals erhalten bleibt. 330 $aVergil?s Aeneid is one of the greatest works of world literature. Published around 18 BCE, this epic poem narrates the mythical antecedents of the foundation of Rome. The translation is in verses ? in hexameter as the original version ? but, leaving behind the classicistic tradition, uses contemporary German to render the Latin text. 410 0$aSammlung Tusculum. 606 $aLegends$zRome$vPoetry 606 $aAeneis 606 $aEpos 606 $aVergil 606 $aVersübersetzung 606 $aVirgil, Aeneid, epic poetry 606 $aLITERARY CRITICISM / Ancient & Classical$2bisacsh 615 0$aLegends 615 4$aAeneis. 615 4$aEpos. 615 4$aVergil. 615 4$aVersübersetzung. 615 4$aVirgil, Aeneid, epic poetry. 615 7$aLITERARY CRITICISM / Ancient & Classical. 676 $a873.01 686 $aFX 178102$2rvk 700 $aVergil$4aut$4http://id.loc.gov/vocabulary/relators/aut$01017423 702 $aHolzberg$b Niklas, $4edt$4http://id.loc.gov/vocabulary/relators/edt 801 0$bDE-B1597 801 1$bDE-B1597 906 $aBOOK 912 $a996234839403316 996 $aAeneis$92417723 997 $aUNISA LEADER 03161nam 22005173 450 001 9910806001103321 005 20250416022556.0 010 $a9781760465803 010 $a1760465801 035 $a(CKB)27588480700041 035 $a(MiAaPQ)EBC30627393 035 $a(Au-PeEL)EBL30627393 035 $a(Exl-AI)30627393 035 $a(OCoLC)1388686091 035 $a(Perlego)4193961 035 $a(EXLCZ)9927588480700041 100 $a20240316d2023 uy 0 101 0 $aeng 135 $aurcnu|||||||| 181 $ctxt$2rdacontent 182 $cc$2rdamedia 183 $acr$2rdacarrier 200 10$aChains 205 $a1st ed. 210 1$aCanberra :$cANU Press,$d2023. 210 4$d©2023. 215 $a1 online resource (381 pages) 225 1 $aChina Story Yearbook Series 311 08$a9781760465797 311 08$a1760465798 327 $aIntroduction -- Introduction -- The Year of the Tiger -- In This Whirlpool of Chaotic Jumble, ?Your World? Is Also ?My World? -- Focus: The Twentieth party congress -- The Twentieth Party Congress: A Primer -- A Matter of Perspective: Insider Accounts of Xi Jinping and the Twentieth Party Congress -- Ghosts of Mao and Deng -- Chapter 1 ? Economy and supply chains -- The Chinese Economy: Bursting Bubbles, Terminal Troubles? -- The Untold Story of Chinese Banking and Why It Matters -- Coal Supply Chains: No Bright Outlook for Australia -- Chapter 2 ? Climate problem, tech solutions -- Supercharging China: Cars, Batteries, and Lithium -- China?s ?Green Steel?: Unchaining from Australia -- Focus: Women in Chains -- What Have We Learned from ?the Woman in Chains?? -- Violence against Women: Can the Law Help? -- The Communist Party of China: Where Are the Women? -- Chapter 3 ? Erasing identities -- (Identity) Politics in Command: Xi Jinping in Xinjiang -- Dispossession and Defiance in Hong Kong -- Chapter 4 ? Vive la résistance -- A Year of Protests, Ceremonies, and Surprises -- Double-speak as LGBTQI+ resistance -- Chapter 5 ? Taiwan: Trouble in the First Island Chain -- Semiconductors, Supply Chains, and the Fate of Taiwan -- Buckle Up: Pelosi?s Visit and the Fourth Taiwan Strait Crisis -- Psyops and Cyberwar in Taiwan -- Chapter 6 ? Pacific Links$7Generated by AI. 330 $aSpeaking to the Twentieth National Congress of the Communist Party of China, in October 2022, President Xi Jinping reiterated his commitment to the 'opening up' policy of his predecessors -- a policy that has burnished the party's political legitimacy among its citizens by enabling four decades of economic development. 410 0$aChina story yearbook 606 $aCOVID-19 Pandemic, 2020-2023$7Generated by AI 607 $aChina$7Generated by AI 615 0$aCOVID-19 Pandemic, 2020-2023 700 $aJaivin$b Linda$0850170 701 $aKlein$b Esther Sunkyung$01731338 701 $aRen$b Annie Luman$01731339 801 0$bMiAaPQ 801 1$bMiAaPQ 801 2$bMiAaPQ 906 $aBOOK 912 $a9910806001103321 996 $aChains$94143838 997 $aUNINA